01507nab a22002417a 4500999001500000003000400015005001700019008004100036040000700077100002500084245013400109260007300243300001500316500008500331505048000416505008900896650002800985650002801013650003801041650003301079773014001112942001301252 c5257d5257OSt20250209192752.0190603e xxum|||| |||| 00| 0 spa d cPJ 96270aPedraza, Marco10aAtribución del uso de la vivienda familiar : bluces, sombras e interrogantes de una regulación perfectible /cMarco Pedraza. cCiudad Autónoma de Buenos Aires :aThomson Reuters La Ley, b2025. ap. 149-169 aCita Online: TR LALEY AR/DOC/37/2025. Publicado en: RCCyC 2025 (febrero) , 149. a Sumario: I. Palabras introductorias.— II. Un necesario punto de partida: la atribución del uso de la vivienda familiar como efecto del divorcio o del cese de la unión convivencial. Concepto y ubicación metodológica.— III. La atribución del uso de la vivienda familiar como efecto del divorcio.— IV. La atribución del uso de la vivienda como efecto del cese de la unión convivencial: una protección rígida, endeble y precaria.— V. Palabras finales.  t¿Te interesa el texto completo? Solicitalo al correo: koha@justierradelfuego.gov.ar 09967aDERECHO DE FAMILIA 095362aVIVIENDA FAMILIAR 095573aATRIBUCIÓN DE LA VIVIENDA 091053aUNIONES CONVIVENCIALES0 0271393170dCiudad Autónoma de Buenos Aires : Thomson Reuters La Ley, 2015-tRevista Código Civil y Comercial. Nº 1 - Febrero 2025 2udccANA